000
00342nam a2200145Ia 4500
999
_c
14090
_d
14090
003
OSt
005
20260422151428.0
008
260210s9999 xx 000 0 und d
020
_a
9788957707333
082
_a
720
100
_a
Archiworld
245
0
_a
Detail Plus Interior+Architecture, Vol. IV
260
_b
Archiworld
942
_c
BDES
_2
ddc